01744pab a2200193 454500008004000000100002600040245008800066260000900154300001300163362000800176520116000184650002101344650002001365773002401385908000601409909001101415999001901426952010501445180718b2014 xxu||||| |||| 00| 0 eng d aVaddiraju, Anil Kumar aEconomic reforms and political decentralisation in South India: An uneven equation? c2014 ap.41-62. aMar aEconomic reforms and political decentralisation are interlinked. Given the policy commitment of the Indian states towards both economic reform and decentralisation, a substantive decentralisation would lead to an inclusive and participatory growth process thereby reducing poverty. On the other hand, when economic reforms are devoid of political decentralisation, the growth process will not be inclusive and is likely to lead to the exacerbation of inequalities in terms of economic benefits and political empowerment. Therefore, a positive linkage between economic reforms and political decentralisation is likely to lead to an inclusive growth process where the poor and the marginalised are not excluded. On the other hand, focusing on economic reforms per se ignoring participation and political decentralisation is likely to lead to a un-participative growth process. With this hypothesis, this paper examines the dynamic interface between economic reforms and political decentralisation with respect to four South Indian states: Karnataka, Andhra Pradesh, Tamil Nadu and Kerala. The paper attempts at a comparison of the four states. - Reproduced. aDecentralization aEconomic reform aMan and Development aN a104537 c104533d104533 00104070aIIPAbIIPAd2018-07-19hVolume no: 36, Issue no: 1pAR104997r2018-07-19w2018-07-19yAR